=LDR 00000nam 2200000 4500 =001 INLIS000000000046693 =005 20210421072557 =035 ##$$a 0010-041500000000175 =008 210421###########################0#ind## =020 ##$$a 979-461-072-0 =082 ##$$a 327.11 =100 ##$$a Hans J. Morgenthau =245 1#$$a Politik antarbangsa /$c Hans J. Morgenthau =250 ##$$a Cet.1 =260 ##$$a Jakarta :$b Yayasan Obor Indonesia,$c 1990 =300 ##$$a xvi,306 Hlm ; $c 21 Cm =850 ##$$aNBPNMAT =084 ##$$a 327.11 HAN p =084 ##$$a 327.11-Mor-p HAN p =084 ##$$a 327.11 HAN p =084 ##$$a 327.11 HAN p =990 ##$$a 00092594 =990 ##$$a 37.534 pb.91